LIBRARY & INFORMATION CENTRE, KCAET, TAVANUR

ONLINE PUBLIC ACCESS CATALOGUE (OPAC)

Recommendation of co-ordination of dimensions in buildings - arrangement of building componentts and assemplies part-3 Functional group-3 internal sub division IS:7564-1974 / (Record no. 10612)

MARC details
000 -LEADER
fixed length control field 01042cam a2200145ua 4500
041 ## - LANGUAGE CODE
Language code of text/sound track or separate title eng
082 ## - DEWEY DECIMAL CLASSIFICATION NUMBER
Classification number 721.013
Item number IND/RE
245 ## - TITLE STATEMENT
Title Recommendation of co-ordination of dimensions in buildings - arrangement of building componentts and assemplies part-3 Functional group-3 internal sub division IS:7564-1974 /
260 ## - PUBLICATION, DISTRIBUTION, ETC. (IMPRINT)
Place of publication New Delhi :
Name of publisher Indian standards institution ,
Year of publication 1985.
300 ## - PHYSICAL DESCRIPTION
Number of Pages 8 ; .
942 ## - ADDED ENTRY ELEMENTS (KOHA)
Koha item type Books
Holdings
Withdrawn status Lost status Damaged status Home library Current library Date acquired Full call number Accession Number Koha item type
      KAUAET KAUAET 07/04/2012 721.013 17398 Standards
free website counter